[Event "Baku Open 2023"]
[Site "Baku AZE"]
[Date "2023.05.09"]
[Round "6.32"]
[White "Manafov, Vugar"]
[Black "Khamdamova, Afruza"]
[Result "1/2-1/2"]
[WhiteTitle "FM"]
[BlackTitle "WFM"]
[WhiteElo "2399"]
[BlackElo "2172"]
[WhiteFideId "13410814"]
[BlackFideId "14210444"]
[EventDate "2023.05.04"]

1. c4 e6 2. Nc3 d5 3. d4 Nf6 4. Nf3 Be7 5. Bf4 O-O 6. e3 b6 7. Bd3 dxc4 8. Bxc4
Bb7 9. O-O Nbd7 10. d5 exd5 11. Nxd5 Nxd5 12. Bxd5 Bxd5 13. Qxd5 Nc5 14. Qc6 Ne6
15. Be5 Qe8 16. Rac1 Bc5 17. Qe4 Qe7 18. Qg4 f6 19. Bg3 Rad8 20. Nh4 Ng5 21.
Bxc7 Qxc7 22. b4 Rd5 23. Qc4 Qf7 24. bxc5 Rxc5 25. Qxf7+ Nxf7 26. Rxc5 bxc5 27.
Rb1 Nd6 28. Kf1 Rc8 29. Nf3 Rc6 30. Rc1 c4 31. Rc2 Ra6 32. Ke1 Kf7 33. Nd4 Rb6
34. Kd2 Rb1 35. f3 a5 36. Rc1 Rb2+ 37. Rc2 Rb1 38. Kc3 Re1 39. Re2 Rb1 40. Kc2
Ra1 41. Kb2 Rd1 42. Ka3 Rb1 43. Ka4 c3 44. g4 Rb2 45. a3 Nb5 46. Nc2 g5 47. Re1
Rxc2 48. Kxb5 Rxh2 49. Rc1 Rb2+ 50. Kc4 Rf2 51. Kxc3 Rxf3 52. Kd3 Rg3 53. Rc4
Rg2 54. Rd4 Ke6 55. Re4+ Kd5 56. Rd4+ Kc5 57. Re4 Kd5 58. Ra4 Ke6 59. Re4+ Kf7
60. Rd4 Kg6 61. Ra4 h6 62. Rc4 Rb2 63. Ke4 Rb3 64. a4 Ra3 65. Kf3 h5 66. gxh5+
Kxh5 67. Rd4 f5 68. Kf2 g4 69. Rd5 Kh4 70. Rxf5 Ra2+ 71. Kf1 Rxa4 72. e4 Kh3 73.
e5 Re4 74. Kf2 Kh4 75. e6 a4 76. Ra5 g3+ 77. Kg2 Re2+ 78. Kg1 Kh3 79. Rh5+ Kg4
80. Ra5 Rxe6 81. Rxa4+ Kh3 82. Ra1 Re2 83. Rb1 1/2-1/2

[Event "Baku Open 2023"]
[Site "Baku AZE"]
[Date "2023.05.09"]
[Round "6.33"]
[White "Abdulla, Khayala"]
[Black "Padmini, Rout"]
[Result "1/2-1/2"]
[WhiteTitle "WGM"]
[BlackTitle "IM"]
[WhiteElo "2213"]
[BlackElo "2388"]
[WhiteFideId "13401807"]
[BlackFideId "5029295"]
[EventDate "2023.05.04"]

1. e4 c5 2. c3 e6 3. d4 d5 4. exd5 exd5 5. Nf3 Nf6 6. Bb5+ Bd7 7. Bxd7+ Nbxd7 8.
O-O Be7 9. dxc5 Nxc5 10. Nd4 O-O 11. Nf5 Re8 12. Bg5 Bf8 13. Nd2 Qb6 14. Nb3 Na4
15. Nh6+ gxh6 16. Bxf6 Qxf6 17. Qg4+ Bg7 18. Qxa4 Re2 19. Rab1 Qb6 20. Qg4 Re4
21. Qf3 Rae8 22. Rbd1 Re2 23. Nd4 Rxb2 24. Nf5 Rxa2 25. Rxd5 Qe6 26. Qg4 Qg6 27.
Rd8 Rxd8 28. Ne7+ Kf8 29. Nxg6+ hxg6 30. Qb4+ Kg8 31. Qxb7 Rc2 32. Qxa7 Bxc3 33.
Qe3 1/2-1/2

[Event "Baku Open 2023"]
[Site "Baku AZE"]
[Date "2023.05.09"]
[Round "6.34"]
[White "Orujov, Farid"]
[Black "Mammadova, Gulnar"]
[Result "1/2-1/2"]
[WhiteTitle "FM"]
[BlackTitle "IM"]
[WhiteElo "2225"]
[BlackElo "2349"]
[WhiteFideId "13423533"]
[BlackFideId "13403508"]
[EventDate "2023.05.04"]

1. e4 e5 2. Nf3 Nc6 3. Bb5 a6 4. Ba4 Nf6 5. d4 exd4 6. O-O Be7 7. e5 Ne4 8. Nxd4
O-O 9. Nf5 d5 10. Nxe7+ Nxe7 11. c3 Nc5 12. Bc2 Bf5 13. Na3 Ne6 14. Bxf5 Nxf5
15. Qd3 g6 16. Nc2 c6 17. Ne3 Nxe3 18. Bxe3 f6 19. exf6 Qxf6 1/2-1/2

[Event "Baku Open 2023"]
[Site "Baku AZE"]
[Date "2023.05.09"]
[Round "6.35"]
[White "Srija, Seshadri"]
[Black "Abdisalimov, Abdimalik"]
[Result "0-1"]
[WhiteTitle "WGM"]
[BlackTitle "IM"]
[WhiteElo "2199"]
[BlackElo "2494"]
[WhiteFideId "5055903"]
[BlackFideId "14206323"]
[EventDate "2023.05.04"]

1. e4 c5 2. Nf3 d6 3. Bb5+ Nd7 4. d4 cxd4 5. Nxd4 Nf6 6. O-O a6 7. Bd3 b6 8. c4
Bb7 9. Nc3 Rc8 10. b3 e6 11. Bb2 Be7 12. f4 g6 13. Qf3 O-O 14. Qh3 Nc5 15. Bc2
b5 16. cxb5 axb5 17. b4 e5 18. bxc5 exd4 19. Nxb5 dxc5 20. e5 Nd5 21. f5 Bg5 22.
Nd6 Nf4 23. Rxf4 Bxf4 24. Rf1 Bxe5 25. fxg6 hxg6 26. Nxb7 Qd5 27. Qf3 Qxa2 28.
Bb3 Qa6 29. Bxf7+ Kg7 30. Qe4 Rce8 31. Nxc5 Qd6 32. Qd5 Bxh2+ 33. Kh1 Qxd5 34.
Bxd5 Rxf1+ 35. Kxh2 Kh7 36. Ne4 d3 37. Nf6+ Rxf6 38. Bxf6 d2 39. Bf3 Rf8 40. Bg5
Rxf3 41. Bxd2 Rd3 42. Bf4 Kg7 43. Be5+ Kh6 44. Bf4+ Kh5 45. Be5 Kg4 46. Kg1 Kf5
47. Bc7 Ke4 48. Kf2 Rd5 49. Kg3 Ke3 50. Bb6+ Ke2 51. Kf4 Kf1 52. g3 Rf5+ 53. Kg4
Ke2 54. Ba7 Kd3 55. Bb6 Ke4 56. Bc7 Kd5 57. Ba5 Ke6 58. Bb6 Rd5 59. Bc7 Kf6 60.
Bb6 Rd3 61. Bc7 Rd4+ 62. Kf3 Rc4 63. Ba5 Kf5 64. Bd2 g5 65. Be3 Rb4 66. Bd2 Rb3+
67. Be3 g4+ 68. Ke2 Ke4 69. Bf4 Rb2+ 70. Kf1 Kf3 71. Kg1 Rg2+ 72. Kh1 Rxg3 0-1

[Event "Baku Open 2023"]
[Site "Baku AZE"]
[Date "2023.05.09"]
[Round "6.36"]
[White "Sharma, Isha"]
[Black "Makhnev, Denis"]
[Result "0-1"]
[WhiteTitle "WIM"]
[BlackTitle "GM"]
[WhiteElo "2216"]
[BlackElo "2483"]
[WhiteFideId "35006665"]
[BlackFideId "13707647"]
[EventDate "2023.05.04"]

1. e4 e5 2. Nf3 Nc6 3. Bc4 Bc5 4. c3 Nf6 5. d3 a5 6. O-O d6 7. Re1 O-O 8. h3 h6
9. Nbd2 Be6 10. Bb5 Qb8 11. Nf1 Qa7 12. Be3 Bxe3 13. Nxe3 Ne7 14. Ba4 Ng6 15.
Bc2 Qb6 16. Qd2 a4 17. b4 axb3 18. axb3 c5 19. Reb1 Qc6 20. Qe1 d5 21. c4 d4 22.
Nd5 Bxd5 23. exd5 Qc7 24. b4 cxb4 25. Rxa8 Rxa8 26. Qxb4 Nxd5 27. cxd5 Qxc2 28.
Qxb7 Rd8 29. Re1 Qc5 30. h4 f6 31. Rb1 Qxd5 32. Qc7 Nf8 33. h5 Qd7 34. Qa5 Re8
35. Qa6 Qf7 36. Rb7 Qxh5 37. Qa7 Ne6 38. Qa2 Kh8 39. Qa7 Rg8 40. Rb8 Nf4 41.
Rxg8+ Kxg8 42. Nxd4 Qg6 43. Qa8+ Kh7 44. Nc2 Ne2+ 45. Kf1 Qxd3 46. Ne3 f5 47.
Qc8 Nd4+ 48. Kg1 f4 49. Ng4 Ne2+ 50. Kh2 Qg6 51. g3 fxg3+ 52. fxg3 h5 53. Nf6+
gxf6 54. Qd7+ Kh8 55. Qd8+ Kg7 0-1

[Event "Baku Open 2023"]
[Site "Baku AZE"]
[Date "2023.05.09"]
[Round "6.37"]
[White "Eynullayev, Atilla"]
[Black "Akhvlediani, Irakli"]
[Result "1/2-1/2"]
[WhiteTitle "FM"]
[BlackTitle "FM"]
[WhiteElo "2281"]
[BlackElo "2421"]
[WhiteFideId "13413570"]
[BlackFideId "13601938"]
[EventDate "2023.05.04"]

1. d4 Nf6 2. c4 g6 3. Nc3 Bg7 4. e4 O-O 5. Be2 c5 6. d5 e6 7. Nf3 exd5 8. cxd5
Re8 9. Nd2 d6 10. O-O Na6 11. Re1 Nc7 12. a4 a6 13. h3 Bd7 14. a5 Nb5 15. Bd3
Nh5 16. Ne2 Nd4 17. Nxd4 Bxd4 18. Nf3 Bg7 19. Qb3 Rb8 20. Ra2 b5 21. axb6 Rxb6
22. Qc2 Bb5 23. Bg5 Qd7 24. Be3 Rb7 25. Nd2 Nf6 26. Bf1 Qc7 27. Kh1 Nd7 28. Rc1
Reb8 29. b3 Re8 30. Kg1 Qb8 31. Nc4 Ne5 32. Nd2 h6 33. Re1 Rbe7 34. Kh1 Nd7 35.
Bc4 Nf6 36. Bf4 g5 37. Bh2 Nd7 38. Rg1 Bd4 39. Rf1 Nf6 40. f3 Nh5 41. Bd3 Nf4
42. Bc4 Nh5 43. Qd1 Bg7 44. Rc2 Nf4 45. Rc1 Qd8 46. Nb1 Qa5 47. Bg3 Rb7 48. Be1
Qd8 49. Qc2 Qe7 50. Bf2 Reb8 51. Nd2 Qd7 52. Kg1 Bxc4 53. Qxc4 a5 54. Rc2 Rb4
55. Qa6 a4 56. bxa4 Rxa4 57. Qc6 Qxc6 58. dxc6 Rc8 59. Nc4 Rxc6 60. Rd1 Ne2+ 61.
Rxe2 Rxc4 62. Red2 Be5 63. Rb1 Ra6 64. Kf1 Rb4 65. Rdd1 Ra2 66. Be3 Rxb1 67.
Rxb1 c4 68. Rc1 c3 69. Bf2 Kf8 70. h4 gxh4 71. Be3 Kg7 72. Bf2 c2 73. Be3 Ra1
74. Ke2 Ra2 75. Kd2 Kg6 76. Rxc2 Ra1 77. Rc1 Ra8 78. Rc2 Kh5 79. Ke2 Ra1 80. Rd2
Ra6 81. f4 Bf6 82. Kf3 Kg6 83. Rc2 h5 84. Rd2 Bc3 85. Rd5 Bf6 86. Rd2 Be7 87.
Rc2 Bd8 88. Rd2 Rc6 89. Rd5 Bf6 90. Bd4 Bxd4 91. Rxd4 f6 92. Rd5 Ra6 93. Kf2 Rb6
94. Kf3 Rb3+ 95. Kf2 Rb2+ 96. Kf3 Rb3+ 1/2-1/2

[Event "Baku Open 2023"]
[Site "Baku AZE"]
[Date "2023.05.09"]
[Round "6.38"]
[White "Shahaliyev, Ismayil"]
[Black "Bayramov, Zaur"]
[Result "1-0"]
[WhiteTitle "IM"]
[BlackTitle "FM"]
[WhiteElo "2400"]
[BlackElo "2310"]
[WhiteFideId "13406388"]
[BlackFideId "13405080"]
[EventDate "2023.05.04"]

1. d4 Nf6 2. c4 d6 3. Nf3 g6 4. g3 Bg7 5. Bg2 O-O 6. Nc3 Nc6 7. O-O Bf5 8. d5
Na5 9. Nd2 c5 10. e4 Bg4 11. Qc2 e5 12. a3 Rc8 13. Rb1 a6 14. b3 b5 15. Re1 bxc4
16. b4 Nb3 17. Nxb3 cxb3 18. Qxb3 Qd7 19. Bd2 cxb4 20. Qxb4 Bh3 21. Qb7 Bxg2 22.
Kxg2 Qxb7 23. Rxb7 Rb8 24. Reb1 Rxb7 25. Rxb7 Ra8 26. f3 Ne8 27. g4 Bf6 28. Kf1
Bd8 29. Ke2 Ba5 30. Na4 Bxd2 31. Kxd2 h5 32. Nb6 Rd8 33. gxh5 gxh5 34. a4 h4 35.
Ra7 a5 36. Rxa5 Rb8 37. Nc4 Kg7 38. Rb5 Rc8 39. Kd3 Nf6 40. Nxd6 Rc1 41. Nf5+
Kg6 42. Nxh4+ Kg5 43. Ng2 Ra1 44. a5 Ra2 45. h4+ Kh5 46. Ne3 Kxh4 47. Nc4 Kg3
48. Nxe5 Kf4 49. Nxf7 Kxf3 1-0

[Event "Baku Open 2023"]
[Site "Baku AZE"]
[Date "2023.05.09"]
[Round "6.39"]
[White "Beydullayeva, Govhar"]
[Black "Kurmangaliyeva, Liya"]
[Result "1-0"]
[WhiteTitle "WGM"]
[BlackTitle "FM"]
[WhiteElo "2375"]
[BlackElo "2288"]
[WhiteFideId "13413015"]
[BlackFideId "13725831"]
[EventDate "2023.05.04"]

1. d4 Nf6 2. c4 e6 3. Nf3 d5 4. Nc3 dxc4 5. e4 b5 6. e5 Nd5 7. Nxb5 Nb6 8. Be2
Nc6 9. Be3 Be7 10. a3 Bb7 11. Qc2 Na5 12. Nc3 Qd7 13. O-O f5 14. exf6 gxf6 15.
Ne4 Qa4 16. Bd1 Qc6 17. Nc5 Bxc5 18. dxc5 Nb3 19. cxb6 Nxa1 20. Qc3 axb6 21. Nh4
O-O-O 22. Bf3 Qa4 23. Rxa1 Bxf3 24. Nxf3 Rd3 25. Qb4 Rd1+ 26. Rxd1 Qxd1+ 27. Ne1
c5 28. Qc3 e5 29. Kf1 Qd5 30. Qd2 Qe6 31. Nf3 e4 32. Ne1 Rd8 33. Qc3 Kb7 34. a4
Ra8 35. Qc2 Qc6 36. Qxc4 Rxa4 37. Qf7+ Ka6 38. Qb3 Rb4 39. Qa2+ Kb7 40. Qf7+ Ka6
41. Qa2+ Ra4 42. Qb3 Qd7 43. Bd2 Ra1 44. Ke2 b5 45. Qc3 Qd4 46. Nc2 Qxc3 47.
Bxc3 Rg1 48. Ne3 f5 49. g3 Rc1 50. Nxf5 b4 51. Bf6 Rc2+ 52. Ke1 Rc1+ 53. Kd2 Rf1
54. Ke2 Rc1 55. Ne3 Kb5 56. Kd2 Rh1 57. h4 c4 58. Bd4 Rb1 59. g4 Rh1 60. h5 Rg1
61. Bf6 Rh1 62. Nf5 c3+ 63. bxc3 b3 64. c4+ Kxc4 65. Ng3 e3+ 66. Kxe3 Re1+ 67.
Kd2 Re6 68. g5 Ra6 69. Bb2 Rd6+ 70. Kc1 Re6 71. g6 hxg6 72. h6 Re1+ 73. Kd2 Re7
74. Bg7 Rd7+ 75. Kc1 1-0

[Event "Baku Open 2023"]
[Site "Baku AZE"]
[Date "2023.05.09"]
[Round "6.40"]
[White "Atakishiyev, Elmar"]
[Black "Ayush, Sharma"]
[Result "0-1"]
[WhiteTitle "FM"]
[BlackTitle "FM"]
[WhiteElo "2363"]
[BlackElo "2267"]
[WhiteFideId "13410547"]
[BlackFideId "45010943"]
[EventDate "2023.05.04"]

1. d4 Nf6 2. c4 e6 3. g3 c5 4. d5 exd5 5. cxd5 d6 6. Nc3 g6 7. Bg2 Bg7 8. Nf3
O-O 9. O-O Re8 10. Bf4 a6 11. a4 Ne4 12. Nxe4 Rxe4 13. Nd2 Rb4 14. b3 g5 15. Be3
Bxa1 16. Qxa1 Bf5 17. Nc4 Rxb3 18. Bd2 a5 19. Bc3 Ra6 20. Bf6 Qf8 21. Bxg5 Nd7
22. Ne3 f6 23. Bh4 Bg6 24. Bh3 f5 25. Qc1 Ne5 26. Ng2 Rab6 27. Nf4 Qh6 28. Kg2
R6b4 29. e3 Qf8 30. Qa1 Qe8 31. Bf6 Rxa4 32. Qd1 Rab4 33. Ne6 Bh5 34. Qa1 Bf3+
35. Kg1 Ra4 36. Qc1 Qh5 37. Bg2 Bxg2 38. Kxg2 Qf3+ 39. Kg1 Qxd5 40. Bxe5 Qxe6
41. Ba1 h6 42. Qd1 Rab4 43. Qc2 a4 0-1

[Event "Baku Open 2023"]
[Site "Baku AZE"]
[Date "2023.05.09"]
[Round "6.41"]
[White "Guliev, Logman"]
[Black "Talibov, Shiroghlan"]
[Result "1-0"]
[WhiteTitle "IM"]
[BlackTitle "FM"]
[WhiteElo "2261"]
[BlackElo "2359"]
[WhiteFideId "13400061"]
[BlackFideId "13429078"]
[EventDate "2023.05.04"]

1. e4 e6 2. d4 d5 3. Nd2 Be7 4. Ngf3 Nf6 5. Bd3 c5 6. e5 Nfd7 7. c3 Nc6 8. O-O
Qb6 9. dxc5 Qc7 10. b4 Ndxe5 11. Bb5 O-O 12. Nb3 a6 13. Be2 Nxf3+ 14. Bxf3 Bf6
15. Qc2 a5 16. bxa5 Nxa5 17. Ba3 Nc6 18. Bb2 Bd7 19. Rfd1 Ne5 20. Be2 Nc4 21.
Bc1 Ba4 22. Rb1 h6 23. Rd3 Qxc5 24. Rh3 Qe7 25. Qd3 Nd6 26. Be3 Bxb3 27. axb3
Rfc8 28. Rc1 Ra3 29. Bd1 Bg5 30. Bc2 Nf5 31. f4 Bf6 32. Bd2 g6 33. Kh1 Bg7 34.
Re1 Qc5 35. Qe2 Nd4 36. Qd1 Nxc2 37. Qxc2 d4 38. c4 Qf5 39. Qxf5 gxf5 40. Kg1
Ra2 41. Rd1 Rc2 42. Bb4 Ra8 43. Rd2 Ra1+ 44. Kf2 Rcc1 45. Rhd3 Bf6 46. Bc5 Rh1
47. Bxd4 Bh4+ 48. Kf3 Raf1+ 49. Bf2 Rxh2 50. Rd7 Rc1 51. Bd4 Rf1+ 52. Ke3 Rhh1
53. Rxb7 Re1+ 54. Re2 Rd1 55. c5 Rc1 56. g3 Rcf1 57. gxh4 Rh3+ 58. Kd2 Rxf4 59.
Rg2+ 1-0

[Event "Baku Open 2023"]
[Site "Baku AZE"]
[Date "2023.05.09"]
[Round "6.42"]
[White "Dushyant, Sharma"]
[Black "Valiyev, Shahin"]
[Result "1-0"]
[WhiteTitle "IM"]
[WhiteElo "2355"]
[BlackElo "2252"]
[WhiteFideId "25065130"]
[BlackFideId "13424203"]
[EventDate "2023.05.04"]

1. e4 c5 2. Nf3 d6 3. d4 cxd4 4. Nxd4 Nf6 5. Nc3 a6 6. Bg5 Nbd7 7. Bc4 Qb6 8.
Bb3 e6 9. Bxf6 Nxf6 10. Qd2 Nd7 11. O-O-O Nc5 12. Rhe1 Bd7 13. Qg5 Nxb3+ 14.
axb3 Qd8 15. Qg3 g6 16. f4 Be7 17. Qf3 b5 18. e5 d5 19. f5 Qb6 20. Nxd5 exd5 21.
e6 O-O-O 22. exd7+ Rxd7 23. Nxb5 Qa5 24. Qc3+ Qxc3 25. Nxc3 Rhd8 26. fxg6 hxg6
27. Rxd5 Rxd5 28. Nxd5 Bg5+ 29. Ne3 f5 30. g3 f4 31. gxf4 Bxf4 32. h3 Rh8 33.
Kb1 Rxh3 34. Nd5 g5 35. Re6 Rh1+ 36. Ka2 Rh2 37. Nxf4 gxf4 38. c4 Kb7 39. Rf6
Rf2 40. Ka3 f3 41. b4 Rf1 42. c5 f2 43. Kb3 Ka7 44. Rf7+ Kb8 45. Rf6 Ka7 46. Kc2
Kb7 47. Rf7+ Ka8 48. Rf4 Ka7 49. Rf8 Kb7 50. Kb3 Kc6 51. Rf6+ Kd5 52. Kc2 Ke5
53. Rf8 Kd5 54. Rf3 Ke4 55. Rf7 Kd5 56. Rf8 Kc6 57. Rf7 Kd5 58. Kb3 Ke6 59. Rf8
Kd5 60. Rd8+ Ke4 61. Re8+ Kd5 62. Re2 Kd4 63. c6 Rc1 64. Rxf2 Rxc6 65. Rf5 Re6
66. Ka4 Re2 67. Rf6 Rxb2 68. Rxa6 Kc4 69. Rc6+ Kd5 70. Rc8 Kd6 71. Ka5 Kd7 72.
Rc1 Rd2 73. b5 Kd8 74. Ka6 Kd7 75. b6 Kd6 76. b7 Ra2+ 77. Kb6 Rb2+ 78. Ka7 Ra2+
79. Kb8 Rh2 80. Ra1 Kc6 1-0

[Event "Baku Open 2023"]
[Site "Baku AZE"]
[Date "2023.05.09"]
[Round "6.43"]
[White "Garayev, Kanan"]
[Black "Dixit, Nikhil"]
[Result "0-1"]
[WhiteTitle "IM"]
[BlackTitle "FM"]
[WhiteElo "2346"]
[BlackElo "2257"]
[WhiteFideId "13406671"]
[BlackFideId "5059534"]
[EventDate "2023.05.04"]

1. d4 Nf6 2. Nf3 g6 3. Nc3 d5 4. Bf4 Bg7 5. Nb5 Na6 6. e3 O-O 7. h3 Ne4 8. Nd2
Nxd2 9. Qxd2 c6 10. Nc3 Nc7 11. Be2 f6 12. g4 e5 13. Bg3 exd4 14. exd4 Ne6 15.
O-O-O f5 16. gxf5 Nxd4 17. fxg6 hxg6 18. h4 Nxe2+ 19. Qxe2 Re8 20. Qd2 Bg4 21.
Rde1 Qf6 22. Qg5 Qxg5+ 23. hxg5 Bf3 24. Rhg1 d4 25. Nb1 Bd5 26. b3 c5 27. Bd6 b6
28. f4 Kf7 29. Be5 Bxe5 30. fxe5 Be6 31. Rgf1+ Bf5 32. Na3 Rh8 33. Re2 Ke6 34.
Nb5 Rh7 35. b4 a6 36. Nd6 Rah8 37. bxc5 bxc5 38. Rf3 Rh1+ 39. Kb2 R1h2 40. Rxh2
Rxh2 41. Kb3 Kxe5 42. Nxf5 gxf5 43. Rg3 c4+ 44. Kxc4 Rxc2+ 45. Kb3 Rc7 46. g6
Kf6 47. Kb4 Rg7 48. Ra3 Ra7 49. Rg3 Rd7 50. Kc4 d3 51. g7 Rxg7 52. Rxd3 Rc7+ 53.
Kb4 Rc6 54. Rc3 Rxc3 55. Kxc3 Kg5 56. Kd3 Kf4 57. Ke2 a5 0-1

[Event "Baku Open 2023"]
[Site "Baku AZE"]
[Date "2023.05.09"]
[Round "6.44"]
[White "Ahmad, Khagan"]
[Black "Mamedjarova, Turkan"]
[Result "1-0"]
[WhiteTitle "FM"]
[BlackTitle "WGM"]
[WhiteElo "2321"]
[BlackElo "2222"]
[WhiteFideId "13431552"]
[BlackFideId "13402005"]
[EventDate "2023.05.04"]

1. e4 e5 2. Nf3 Nc6 3. Bb5 a6 4. Ba4 Nf6 5. O-O Be7 6. Re1 b5 7. Bb3 d6 8. c3
O-O 9. h3 Nb8 10. d4 Nbd7 11. c4 c5 12. dxe5 Nxe5 13. Nxe5 dxe5 14. Nc3 Qxd1 15.
Rxd1 Be6 16. cxb5 Bxb3 17. axb3 axb5 18. Bg5 h6 19. Bxf6 Bxf6 20. Nd5 Rfd8 21.
g3 Kf8 22. Rdc1 Rxa1 23. Rxa1 Be7 24. Ra7 Bg5 25. Rc7 f5 26. Rxc5 fxe4 27. b4
Bc1 28. Rxc1 Rxd5 29. Rc5 Rd1+ 30. Kg2 e3 31. fxe3 e4 32. g4 g5 33. Re5 Rd2+ 34.
Kg3 Rxb2 35. Rxe4 Kf7 36. h4 gxh4+ 37. Kxh4 Kg6 38. Rd4 Rb3 39. Re4 Rb2 40. Kg3
Kf6 41. Rd4 Rb3 42. Kf3 Ke6 43. Kf4 Rc3 44. e4 Rc1 45. Rd5 Rf1+ 46. Ke3 Rg1 47.
Rxb5 Rxg4 48. Kd4 Rh4 49. Rb6+ Kd7 50. Kd5 Rh1 51. Rb7+ Kd8 52. e5 h5 53. Rh7 h4
54. Kd6 Rd1+ 55. Ke6 Rh1 56. Rd7+ Ke8 57. Rg7 Kf8 58. Rf7+ Ke8 59. Ra7 Kd8 60.
Ra8+ Kc7 61. Ke7 h3 62. Ra2 Rg1 63. Rc2+ Kb7 64. Rh2 Rg3 65. e6 Re3 66. Kd7 Rd3+
67. Ke8 Re3 68. e7 Kc7 69. Rc2+ Kb7 70. Rf2 Kc7 71. Kf7 Kd7 72. e8=Q+ 1-0

[Event "Baku Open 2023"]
[Site "Baku AZE"]
[Date "2023.05.09"]
[Round "6.45"]
[White "Mohamed, Anees M"]
[Black "Kazimova, Narmin"]
[Result "1-0"]
[WhiteTitle "FM"]
[BlackTitle "WGM"]
[WhiteElo "2317"]
[BlackElo "2174"]
[WhiteFideId "35065815"]
[BlackFideId "13402951"]
[EventDate "2023.05.04"]

1. e4 c5 2. Nf3 e6 3. d4 cxd4 4. Nxd4 Nc6 5. Nc3 Qc7 6. g3 a6 7. Bg2 Nf6 8. O-O
Bc5 9. Nb3 Ba7 10. Qe2 d6 11. Nd1 Bd7 12. Be3 Ne5 13. a4 O-O 14. Bxa7 Rxa7 15.
Ne3 b5 16. Nd4 bxa4 17. f4 Neg4 18. Nxg4 Nxg4 19. Qxg4 Qb6 20. Qd1 e5 21. c3
exd4 22. Qxd4 Qxd4+ 23. cxd4 Rb8 24. Rf2 Rab7 25. Ra2 Rb4 26. Rd2 f6 27. Kf2 Kf7
28. Bf3 Be6 29. d5 Bd7 30. Ke3 Rb3+ 31. Kf2 R3b4 32. Rc2 R8b7 33. Ke2 Bb5+ 34.
Ke3 Bc4 35. Ra3 Bb3 36. Rc6 R4b6 37. e5 fxe5 38. fxe5 Rxc6 39. e6+ Ke7 40. dxc6
Rc7 41. Kd4 Kxe6 42. Bd5+ Bxd5 43. Re3+ Be4 44. Rxe4+ Kf7 45. Kd5 Re7 46. Rc4 1-0

[Event "Baku Open 2023"]
[Site "Baku AZE"]
[Date "2023.05.09"]
[Round "6.46"]
[White "Chitlange, Sakshi"]
[Black "Guliev, Sarhan"]
[Result "1-0"]
[WhiteTitle "WIM"]
[BlackTitle "GM"]
[WhiteElo "2241"]
[BlackElo "2308"]
[WhiteFideId "35002899"]
[BlackFideId "13400231"]
[EventDate "2023.05.04"]

1. d4 Nf6 2. c4 e6 3. Nf3 Bb4+ 4. Bd2 Qe7 5. g3 O-O 6. Bg2 Bxd2+ 7. Qxd2 d6 8.
O-O e5 9. Nc3 c6 10. e4 Bg4 11. Ne1 exd4 12. Qxd4 c5 13. Qd2 Nc6 14. f4 Be6 15.
b3 Rad8 16. Nc2 a6 17. Rad1 Qc7 18. h3 b5 19. cxb5 axb5 20. Nxb5 Qb6 21. Nc3 h5
22. Kh2 Rfe8 23. f5 Bc8 24. Nd5 Nxd5 25. exd5 Ne5 26. f6 Ba6 27. Rf5 Ng6 28.
fxg7 Re2 29. Qh6 Rxg2+ 30. Kxg2 Be2 31. Rd2 Re8 32. Ne3 Qa6 33. Rf6 Bd3 34. Rxg6
Be4+ 35. Kh2 fxg6 36. Qh8+ Kf7 37. Qxe8+ 1-0

[Event "Baku Open 2023"]
[Site "Baku AZE"]
[Date "2023.05.10"]
[Round "7.1"]
[White "Prraneeth, Vuppala"]
[Black "Sanikidze, Tornike"]
[Result "0-1"]
[WhiteTitle "IM"]
[BlackTitle "GM"]
[WhiteElo "2437"]
[BlackElo "2475"]
[WhiteFideId "46622373"]
[BlackFideId "13602608"]
[EventDate "2023.05.04"]

1. e4 e5 2. Nf3 Nc6 3. Bb5 a6 4. Ba4 Nf6 5. d3 b5 6. Bb3 Be7 7. a4 Bb7 8. O-O
O-O 9. Nc3 Nd4 10. Nxd4 exd4 11. Ne2 c5 12. Re1 d5 13. e5 Nd7 14. Ng3 Re8 15.
Nf5 Bf8 16. Bf4 Qb6 17. Qf3 Qe6 18. g4 c4 19. Ba2 Qb6 20. a5 Qc5 21. c3 dxc3 22.
d4 Qc6 23. bxc3 f6 24. g5 fxe5 25. dxe5 Nc5 26. Nd4 Qd7 27. Bb1 g6 28. Bc2 Ne6
29. Be3 Bg7 30. Qg3 Nxd4 31. Bxd4 Bc8 32. Bd1 Qh3 33. f4 Be6 34. Qf2 Rf8 35. Re3
Qf5 36. Rf3 Qf7 37. Bc5 Rfc8 38. Bd6 Bf8 39. Bc2 Bxd6 40. exd6 Rd8 41. f5 gxf5
42. Re1 Rxd6 43. Bxf5 Bxf5 44. Rxf5 Qg7 45. Rf1 d4 46. Qf4 Rd7 47. Qe4 Rad8 48.
Qe6+ Kh8 49. cxd4 Rxd4 50. Qe2 c3 51. Re5 Qd7 52. Ref5 Qg7 53. Re5 Rg4+ 54. Kh1
Qb7+ 55. Rf3 Qc6 56. Re7 Rxg5 57. Re6 Qxe6 0-1

[Event "Baku Open 2023"]
[Site "Baku AZE"]
[Date "2023.05.10"]
[Round "7.2"]
[White "Mendonca, Leon Luke"]
[Black "Mamedov, Rauf"]
[Result "1/2-1/2"]
[WhiteTitle "GM"]
[BlackTitle "GM"]
[WhiteElo "2596"]
[BlackElo "2646"]
[WhiteFideId "35028561"]
[BlackFideId "13401653"]
[EventDate "2023.05.04"]

1. d4 d5 2. c4 e6 3. Nf3 c5 4. cxd5 exd5 5. g3 Nc6 6. Bg2 Nf6 7. O-O Be7 8. b3
Ne4 9. Bb2 Bf6 10. Nc3 O-O 11. Na4 cxd4 12. Nxd4 Bd7 1/2-1/2

[Event "Baku Open 2023"]
[Site "Baku AZE"]
[Date "2023.05.10"]
[Round "7.3"]
[White "Abasov, Nijat"]
[Black "Aditya, Mittal"]
[Result "1/2-1/2"]
[WhiteTitle "GM"]
[BlackTitle "GM"]
[WhiteElo "2634"]
[BlackElo "2505"]
[WhiteFideId "13402960"]
[BlackFideId "35042025"]
[EventDate "2023.05.04"]

1. e4 e5 2. Nf3 Nc6 3. Bb5 Nf6 4. O-O Nxe4 5. Re1 Nd6 6. a4 Be7 7. Nc3 a6 8. Bf1
e4 9. Nxe4 Nxe4 10. Rxe4 d5 11. Re1 Bg4 12. h3 Bh5 13. g3 O-O 14. Bg2 Bf6 15. g4
Bg6 16. d4 Be4 17. c3 Qd6 18. b4 Rfe8 19. Ra2 Re6 20. Ng5 Bxg5 21. Bxg5 Bxg2 22.
Kxg2 Rae8 23. Rae2 h6 24. Bh4 Qd7 25. Rxe6 Rxe6 26. Rxe6 Qxe6 27. Qf3 Na7 28.
Bg3 Qc6 29. Qf5 Qxc3 30. Qxd5 Nc6 31. b5 axb5 32. Qxb5 Qxd4 33. Qxb7 Qxa4 34.
Qc8+ Kh7 35. Qf5+ Kg8 36. Qc8+ Kh7 37. Qf5+ Kg8 1/2-1/2

[Event "Baku Open 2023"]
[Site "Baku AZE"]
[Date "2023.05.10"]
[Round "7.4"]
[White "Suleymanli, Aydin"]
[Black "Safarli, Eltaj"]
[Result "1/2-1/2"]
[WhiteTitle "GM"]
[BlackTitle "GM"]
[WhiteElo "2560"]
[BlackElo "2601"]
[WhiteFideId "13413937"]
[BlackFideId "13402129"]
[EventDate "2023.05.04"]

1. c4 e5 2. g3 Nc6 3. Bg2 Bc5 4. Nc3 a6 5. e3 d6 6. Nge2 Ba7 7. O-O h5 8. h3
Nge7 9. d4 h4 10. g4 f5 11. g5 f4 12. d5 O-O 13. exf4 Nd4 14. fxe5 dxe5 15. Ne4
Bf5 16. Nxd4 Bxd4 17. Be3 Ng6 18. Qh5 Qd7 19. Kh2 Rf7 20. c5 Raf8 21. d6 c6 22.
Qe2 Nf4 23. Bxf4 Bxe4 24. Bxe4 Rxf4 25. f3 Qd8 26. Qc4+ Kh8 27. Rg1 Rxe4 28.
fxe4 Bxg1+ 29. Rxg1 Rf2+ 30. Rg2 Rxg2+ 31. Kxg2 Qxg5+ 32. Kf1 Qf4+ 33. Ke1 Qe3+
34. Kd1 Qxh3 35. Kd2 Qd7 36. Qe2 Kg8 37. Qh5 h3 38. Qxe5 Qg4 39. Qe8+ Kh7 40. d7
Qg5+ 41. Kd3 h2 42. d8=Q Qxd8+ 43. Qxd8 h1=Q 44. Qd6 Qb1+ 1/2-1/2